Which one is it? (Doctor Who edition) - Statistics

General Stats
  • This quiz has been taken 207 times
  • The average score is 20 of 32
Answer Stats
Question Answer % Correct
Episode: 'Aliens of London' Doctor Who
94%
Actress: Freema Agyeman Doctor Who
94%
Actor: Bernard Cribbins Doctor Who
77%
'Vote Saxon' Doctor Who
77%
Main villain: The Shadow Kin Class
74%
Created: 2016 Class
74%
Actor: Bradley Walsh Doctor Who
74%
Location: Cardiff Torchwood
74%
Character: Jackson Lake Doctor Who
71%
Villain: The Macra Doctor Who
71%
Date Created: 2006 Torchwood
71%
Character: Owen Harper Torchwood
71%
Location: Bannerman Road Sarah Jane Adventures
68%
Series: Miracle Day Torchwood
68%
Character: Clyde Langer Sarah Jane Adventures
65%
Episode: 'Everything Changes' Torchwood
61%
Character: Charlie Smith Class
58%
Villain: The Bane Sarah Jane Adventures
58%
Duration: 2007-2011 Sarah Jane Adventures
58%
Bubble Shock! Sarah Jane Adventures
58%
Actor: Greg Austin Class
55%
Episode: 'Death of the Doctor' Sarah Jane Adventures
55%
Protagonist: immortal. Torchwood
55%
Villain: The 456 Torchwood
55%
Episode: 'Mission to the Unknown' Doctor Who
52%
Episode: 'The Lost' Class
48%
Number of Episodes: 53 Sarah Jane Adventures
48%
Writer: Patrick Ness Class
42%
Location: Sheffield Doctor Who
42%
Episode Name: 'Detained' Class
39%
Creator: Syndey Newman Doctor Who
35%
Actor: Richard Hurndall Doctor Who
26%
No matching quizzes found
Score Distribution
Percent of People with Each Score
Percentile by Number Answered
Your Score History
You have not taken this quiz